Pays du Monde commençant par RE, RO, SA, SE, SI, SL, SO, SU - Statistiques

Statistiques générales
  • Ce quiz a été pris 689 fois
    687 depuis la dernière actualisation
  • Le résultat moyen est 13 sur 25
Statistiques - réponses
Réponse % Correct
Roumanie
93%
Slovaquie
93%
Slovénie
93%
Soudan
76%
Suriname
74%
Soudan du Sud
69%
Somalie
67%
Salvador
59%
Suède
57%
Sénégal
56%
Sainte-Lucie
52%
Saint-Marin
52%
Suisse
51%
Saint-Vincent-et-les Grenadines
49%
Serbie
49%
Saint-Christophe-et-Niévès
48%
Samoa
43%
République Dominicaine
35%
Salomon
34%
Sao Tomé-et-Principe
33%
Seychelles
32%
Sierra Leone
32%
République Centrafricaine
28%
Singapour
28%
Royaume-Uni
21%
Aucun quiz correspondant
Distribution des résultats
% des personnes avec chaque résultat
Percentile par nombre de réponses
Votre historique - résultats
Vous n’avez pas pris ce quiz depuis la dernière actualisation